MDQL
is popping MORE tags! Check the
thread
!
Quizzes
Events
Quiz Creation
Community
Videos
Private Events
Remove Ads
Sign In
Join for FREE
Feedback
Dark Mode
Quiz Categories
Sports
Geography
Music
Movies
Television
Just For Fun
Miscellaneous
History
Literature
Language
Science
Gaming
Entertainment
Religion
Holiday
For Kids
Quiz Lab
Recent
Popular Today
Quiz Kudos Today
Editor Picks
Curator Picks
Quizzes by...
Day
Popularity
Type
Ratings
Length
Year
Community
Subscriptions
Recent Discussions
Orange Saloon
Badges
Playlists
Quests
Create
Leaderboards
Showdown
Live 5
Trivia Bingo
Activity
Puzzle Library
Sporcle Events
Private Events
Virtual Trivia
Globe League
Become a Host
Pub Owners
SporcleCon
Opinionation
Our Games
Videos
Blog
Mobile Apps
Partnerships
Remove Ads and Go Orange
Feedback
Just For Fun
Clickable
Get the Picture
Humor
Quick Pick
Word Ladder
Missing Word
Mixed Word
Blitz
Minefield
This or That
Alphabet
Color
Typing
Sporcle
Puzzle
Word Play
Follow That Line
Logic
Just For Fun
Clickable
Get the Picture
Humor
Quick Pick
Word Ladder
Missing Word
Mixed Word
Blitz
Minefield
This or That
Alphabet
Color
Typing
Sporcle
Puzzle
Word Play
Follow That Line
Logic
Random Quiz
Search Sporcle
×
Quiz Lab
Quiz Lab
Just For Fun
Dr Pepper
Type in answers that appear in a list
Type in answers that appear in a list
Classic
Best Score? Go Orange.
Coke vs. Pepsi vs. Dr. Pepper Stats
Can you name the correct drink for each category for each soda manufacturer?
By
Haxojus
5m
35 Questions
167 Plays
167 Plays
167 Plays
Comments
Comments
Give Quiz Kudos
Give Quiz Kudos
-
- Ratings
hide this ad
Replay
Link that replays current quiz
Next Quiz
Link to next quiz in quiz playlist
You Got
0%
They Got
Avg Score
48%
Avg Friend Score
Upgrade to see
Score Distribution
Jump to the score distribution portion of the page
Score
0/35
Timer
05:00
0
Plays Today
Manufacturer
Drink Name
% Correct
PepsiCo
Pepsi
97%
PepsiCo
Diet Pepsi
91.6%
Coca Cola Company
Coca-Cola
89.8%
Coca Cola Company
Diet Coke
84.4%
Dr. Pepper Snapple Group
Dr Pepper
83.8%
Coca Cola Company
Fanta
77.2%
Dr. Pepper Snapple Group
Crush
74.3%
PepsiCo
Gatorade
71.9%
Coca Cola Company
Sprite
71.3%
PepsiCo
Sierra Mist
62.3%
Coca Cola Company
Powerade
62.3%
PepsiCo
Mountain Dew
59.3%
PepsiCo
Mug
58.1%
Dr. Pepper Snapple Group
Snapple
56.3%
PepsiCo
Lipton
54.5%
Coca Cola Company
Dasani
53.9%
PepsiCo
Aquafina
50.9%
Coca Cola Company
Barq's
50.9%
Manufacturer
Drink Name
% Correct
Dr. Pepper Snapple Group
Seven Up
50.9%
Dr. Pepper Snapple Group
RC
46.7%
Coca Cola Company
Minute Maid
43.1%
Dr. Pepper Snapple Group
IBC
41.3%
Coca Cola Company
Mr Pibb
39.5%
Coca Cola Company
Mello Yello
36.5%
PepsiCo
Tropicana
28.1%
Coca Cola Company
Nestea
27.5%
PepsiCo
Slice
21.6%
Dr. Pepper Snapple Group
Diet Rite
21.6%
Dr. Pepper Snapple Group
Sun Drop
16.2%
PepsiCo
Amp
16.2%
Coca Cola Company
Full Throttle
13.2%
Dr. Pepper Snapple Group
All Sport
8.4%
Dr. Pepper Snapple Group
Venom
8.4%
Dr. Pepper Snapple Group
Mott's
7.2%
Dr. Pepper Snapple Group
Deja Blue
6%
Quiz Playlist
Details
Report
Send in Message
Add To Playlist
Classic:
Type in answers that appear in a list
Last Updated: Feb 16, 2017
Quiz Scoreboard
CHALLENGE
Sign Up to Join the Scoreboard
Show All
Scores
Hide
Comments
May contain spoilers
Recently Published
1-10 Letter E Words III
by El_Dandy
Language
2m
Street Fighter Characters
by Artimus82
Gaming
60s
College Basketball Coaching Resumes
by pancakes188
Sports
9m
More to Explore
Quiz From the Vault
Featured Blog Post
Where Did the Easter Bunny Come From?
hide this ad
You Might Also Like...
Tags
coke
Dr Pepper
pepsi
Pepsi Drinks
Today's Top Quizzes in Just For Fun
Browse Just For Fun
hide this ad
Today's Top Quizzes in Dr Pepper
Browse Dr Pepper
Top Contributed Quizzes in Just For Fun
1
Name Just One - 10 to 1: Just For Fun
2
Killer Double Trees 224 - Colour Match-Up
3
Spring Typing Challenge
4
Crossword Whiteout! 49
5
Zeroing In: Just For Fun
6
Survivor Winners Logic Puzzle
7
Word Ladder: Ahoy Matey
8
Word Ladder: Wilderness Weapon
9
Clickable Animal Jokes #2
10
Kyle's 122nd Triple Trees
Explore More
Trending Topics
Anime
NBA
Harry Potter
Crossword
Marvel
Kpop
Disney
Puzzle
NFL
WWE
Pokémon
Song
The Office
Soccer
Country
hide this ad
More By:
Haxojus
Quiz
Plays
Rating
Category
Featured
Created
Coke vs. Pepsi vs. Dr. Pepper
167
Just For Fun
Jan 2, 2013
Go to Creator's Profile
Score Distribution
Quiz Creator Spotlight
Haxojus
Follow
Send a Message
Quizzes Created
-
Created Quiz Play Count
-
More By This Creator
Popular Quizzes Today
1
Find the US States - No Outlines Minefield
2
Find the Countries of Europe - No Outlines Minefield
3
The Countries of the World
4
Find the US States
5
Risky Map Clicking: Biggest States A-Z
6
US States
7
Popular People in 1961
8
Movies - When Are They Set?
More Just For Fun Quizzes
Quick Pick: 20 Twenties
Published
Trending Quizzes
Risky Map Clicking: Least Populous States A-Z
1-10 Letter G Words
Countries of the World: 200 Million BC
1-10 Letter F Words
Risky Map Clicking: Next State Alphabetically
Recently Updated
Largest US Cities 1790-2010
pecheneg
Rides in Walt Disney World
pecheneg
Most Oscar Losses (Acting)
pecheneg
Beyoncé Albums
pecheneg
Leaping Animals
pecheneg
Reality TV Shows (A-Z)
bhenderson79
Rickey Henderson's Hall of Fame Teammates
pecheneg
Champions League XIs: Arsenal
pecheneg
Quick Pick: Celebrities in WWE's Hall of Fame
aduchscher
A-Z Keypad Blitz II
pecheneg
Trending Topics
Crossword
Disney
Anime
Harry Potter
NBA
Kpop
Marvel
WWE
Soccer
Country
Puzzle
Pokémon
The Office
Song
NFL
Your Account Isn't Verified!
In order to create a playlist on Sporcle, you need to verify the email address you used during registration. Go to your
Sporcle Settings
to finish the process.
Report this User
Report this user for behavior that violates our
Community Guidelines
.
Details:
Send Report
Go to the Sporcle.com Mobile Site →
Comments